|
|
|
|
| LEADER |
00992pam a22003498a 4500 |
| 001 |
00032526 |
| 005 |
20171026081025.0 |
| 008 |
140930s2010 ||||||viesd |
| 020 |
|
|
|c 230000
|
| 041 |
0 |
# |
|a vie
|
| 082 |
1 |
4 |
|a 951
|b N114M
|
| 100 |
1 |
# |
|a Hồ, Ngật
|
| 245 |
1 |
0 |
|a 5000 năm lịch sử Trung Quốc
|c Hồ Ngật; Việt Thư (dịch)
|
| 260 |
# |
# |
|a Hà Nội
|b Thời đại
|c 2010
|
| 300 |
# |
# |
|a 901tr.
|c 24cm.
|b ảnh
|
| 653 |
# |
# |
|a Lịch sử
|
| 653 |
# |
# |
|a Chính trị
|
| 653 |
# |
# |
|a Nhân vật
|
| 653 |
# |
# |
|a Xã hội
|
| 653 |
# |
# |
|a Trung Quốc
|
| 653 |
# |
# |
|a Sự kiện
|
| 700 |
1 |
# |
|a Việt, Thư
|e dịch
|
| 852 |
# |
# |
|j KM.0017193
|j KD.0016085
|j KM.0017192
|
| 852 |
# |
# |
|b Kho đọc
|j KD.0016085
|
| 852 |
# |
# |
|b Kho mượn
|j KM.0017192, KM.0017193
|
| 910 |
0 |
# |
|d 30/9/2014
|
| 980 |
# |
# |
|a Trung tâm Học liệu Lê Vũ Hùng, Trường Đại học Đồng Tháp
|